5HLuxD.jpg

KING HENRY VIII SENIOR AND PRIMARY SCHOOL LIBRARY OPAC

Cambridge IGCSE and o Level Computer Science Computer Systems Workbook/ (Record no. 1736)

000 -LEADER
fixed length control field 00762nam a22001937a 4500
005 - DATE AND TIME OF LATEST TRANSACTION
control field 20230125092053.0
008 - FIXED-LENGTH DATA ELEMENTS--GENERAL INFORMATION
fixed length control field 230125b ||||| |||| 00| 0 eng d
020 ## - INTERNATIONAL STANDARD BOOK NUMBER
International Standard Book Number 9781398318496
040 ## - CATALOGING SOURCE
Transcribing agency KH8
082 ## - DEWEY DECIMAL CLASSIFICATION NUMBER
Classification number 004 WAT
100 ## - MAIN ENTRY--PERSONAL NAME
Personal name Watson, David
Relator term author
245 ## - TITLE STATEMENT
Title Cambridge IGCSE and o Level Computer Science Computer Systems Workbook/
Statement of responsibility, etc. David Watson, Helen Williams
260 ## - PUBLICATION, DISTRIBUTION, ETC.
Place of publication, distribution, etc. London:
Name of publisher, distributor, etc. Hodder Education Group,
Date of publication, distribution, etc. 2021.
300 ## - PHYSICAL DESCRIPTION
Extent 95 p. ;
Other physical details ill.
Dimensions 30 cm.
505 ## - FORMATTED CONTENTS NOTE
Formatted contents note <br/>Cover<br/>Book title<br/>Copyright<br/>Contents<br/>Introduction<br/>1 Data representation<br/>2 Data transmission<br/>3 Hardware<br/>4 Software<br/>5 The internet and cyber security<br/>6 Automated and emerging technologies
650 ## - SUBJECT ADDED ENTRY--TOPICAL TERM
Topical term or geographic name entry element Workbook
700 ## - ADDED ENTRY--PERSONAL NAME
Personal name Williams, Helen
Relator term author
942 ## - ADDED ENTRY ELEMENTS (KOHA)
Source of classification or shelving scheme
Koha item type Teaching Resources
Holdings
Withdrawn status Lost status Source of classification or shelving scheme Damaged status Not for loan Collection code Permanent Location Current Location Shelving location Date acquired Total Checkouts Full call number Barcode Date last seen Date last checked out Copy number Price effective from Koha item type Date due
          Teaching Resources KH8 Senior School Library KH8 Senior School Library Staff Office 2023-01-25 3 004 WAT TRKHSL000297 2025-06-04 2023-08-11 1 2023-01-25 Teaching Resources  
          Teaching Resources KH8 Senior School Library KH8 Senior School Library Staff Office 2023-01-25 5 004 WAT TRKHSL000298 2025-08-27 2025-08-27 2 2023-01-25 Teaching Resources 2026-07-03

Powered By KH8 IT Dept